| 000 | 01086cam a22003015a 4500 | ||
|---|---|---|---|
| 999 |
_c12654 _d12654 |
||
| 003 | EG-ScBUE | ||
| 005 | 20210606132154.0 | ||
| 008 | 090820s1998 ua a f 000 p ara d | ||
| 017 | _a97/8156 | ||
| 020 | _a9770153389 | ||
| 040 |
_aEG-ScBUE _bara _erda _cEG-ScBUE _dEG-ScBUE |
||
| 043 | _aa-ua--- | ||
| 082 | 0 | 4 |
_a892.716 _bأ ب ن _222 |
| 100 | 1 |
_aالأبنودي، عبد الرحمن، _d1938-2015، _eمؤلف. |
|
| 245 | 1 | 2 |
_aالموت على الأسفلت / _cعبد الرحمن الأبنودي. |
| 264 | 1 |
_aالقاهرة : _bمكتبة الأسرة، _c1998. |
|
| 300 |
_a96 صفحة : _bإيضاحيات ؛ _c24 سم |
||
| 336 |
_2rdacontent _aنص _btxt |
||
| 337 |
_2rdamedia _aبدون وسيط _bn |
||
| 338 |
_2rdacarrier _aمجلد _bnc |
||
| 490 | 0 |
_aالأعمال الإبداعية. _aمكتبة الأسرة |
|
| 590 | _adoaa mohamed | ||
| 650 | 7 |
_98541 _aالشعر العربي _zمصر _xدواوين و قصائد. _2BUEsh |
|
| 651 | _2BUEsh | ||
| 653 |
_bARALIT _cAugust2015 |
||
| 655 |
_vReading book _934232 |
||
| 942 |
_2ddc _k892.716 أ ب ن _cBB |
||